Deutschlandkader EM 2024 - Statistiken

Allgemein
  • Dieses Quiz wurde 111 mal gespielt
  • Das Durchschnittsergebnis liegt bei 23 aus 26
Antwortstatistiken
Position Spieler Verein % Korrekt
Torwart Manuel Neuer FC Bayern München
100%
Innenverteidiger Antonio Rüdiger Real Madrid
98%
Stürmer Kai Havertz FC Arsenal
98%
Torwart Marc-Andre Ter Stegen FC Barcelona
98%
Torwart Oliver Baumann TSG Hoffenheim 1899
97%
Außenverteidiger Joshua Kimmich FC Bayern München
96%
Mittelfeldspieler Toni Kroos Real Madrid
96%
Stürmer Deniz Undav VFB Stuttgart
95%
Innenverteidiger Nico Schlotterbeck Borussia Dortmund
95%
Außenverteidiger David Raum RB Leipzig
94%
Mittelfeldspieler Florian Wirtz Bayer 04 Leverkusen
93%
Mittelfeldspieler Jamal Musiala FC Bayern München
91%
Innenverteidiger Jonathan Tah Bayer 04 Leverkusen
91%
Stürmer Niclas Füllkrug SV Werder Bremen
91%
Mittelfeldspieler Ilkay Gündogan Manchester City
90%
Mittelfeldspieler Pascal Groß Brighton and Hove Albion
88%
Innenverteidiger Waldemar Anton VFB Stuttgart
86%
Außenverteidiger Maximilian Mittelstädt VFB Stuttgart
85%
Mittelfeldspieler Robert Andrich Bayer 04 Leverkusen
85%
Stürmer Thomas Müller FC Bayern München
85%
Mittelfeldspieler Leroy Sane FC Bayern München
84%
Innenverteidiger Robin Koch Eintracht Frankfurt
81%
Mittelfeldspieler Emre Can Borussia Dortmund
74%
Außenverteidiger Benjamin Henrichs RB Leipzig
67%
Stürmer Maximilian Beier TSG Hoffenheim 1899
67%
Mittelfeldspieler Chris Führich VFB Stuttgart
66%
Keine übereinstimmenden Quizze gefunden
Verteilung der Resultate
Anzahl Personen mit jedem Resultat
Perzentil nach korrekt beantworteten Fragen
Ihre Resultats-Entwicklung
Sie haben dieses Quiz noch nicht gespielt